000 00859nam a2200241 a 4500
001 000023078
005 20250509170321.0
008 101126s1993 ag r 000 | spa d
020 _a9506943001
040 _aDO-SdBNP
_bspa
_cBNPHU
082 _a370
_bH584e
100 1 _aHeslep, Robert D.
_947512
245 1 3 _aLa educación en democracia :
_bla función moral de la educación en el estado democrático /
_cRobert D. Heslep. ; traducción Mariá Elena Aramburú.
300 _a266 p. ;
_c20 cm.
490 1 _aEstudios Políticos y Sociales
500 _aIncluye notas al pie de páginas
534 _aTítulo original :
_tEducation in democracy.
650 0 _aEducación
_951588
650 4 _aAutonomía en la educación
_917393
700 1 _aAramburú, Mariá Elena
_etr.
_947513
830 0 _aEstudios Políticos y Sociales
_928833
049 _aBNGR
999 _c22575
_d22575